| 000 | nam a22 7a 4500 | ||
|---|---|---|---|
| 999 |
_c126546 _d126546 |
||
| 008 | 170726b xxu||||| |||| 00| 0 eng d | ||
| 050 | _aDT450.68.W385 2016 | ||
| 100 |
_aWatt, Nigel _930201 |
||
| 245 |
_aBurundi _bBiography of a small African country _c/ Nigel Watt |
||
| 250 | _aRevised Edition | ||
| 260 |
_aLondon _bHurst and Company _c2016 |
||
| 300 |
_axiii, 279p. ; _c22cm. |
||
| 650 |
_aBurundi _xSocial conditions _930203 |
||
| 650 |
_aBurundi _xHistory _930196 |
||
| 650 |
_aBurundi _xPolitics _930202 |
||
| 650 |
_aBurundi _xEthics relation _933517 |
||
| 942 |
_2lcc _cMONOGRAPH |
||